000
00327nam a2200145Ia 4500
008
210210b1955 xxu||||| |||| 00| 0 eng d
082
_a
332.4 GARM
100
_a
GARG (K N).
245
_a
Money.
260
_a
Bombay
_b
Kitab mahal
_c
1955
300
_a
124
650
_a
Money
690
_a
Monetary Economics
906
_a
028504
999
_c
79747
_d
79747